Democracia y participación popular: la dimensión política de los procesos de planificación /
Salvato in:
| Autore principale: | |
|---|---|
| Natura: | testo |
| Lingua: | Spanish |
| Soggetti: | |
| Tags: |
Aggiungi Tag
Nessun Tag, puoi essere il primo ad aggiungerne!!
|
MARC
| LEADER | 00000 a a2200000 04500 | ||
|---|---|---|---|
| 003 | cru CIDCACS/IIS | ||
| 005 | 20180614152711.0 | ||
| 008 | 180614b ||||| |||| 00| 0 spa d | ||
| 999 | |c 41523 |d 41523 | ||
| 040 | |c cru CIDCACS/IIS | ||
| 100 | 1 | |a Sánchez Oviedo, Olga Marta |9 7364 | |
| 245 | |a Democracia y participación popular: |b la dimensión política de los procesos de planificación / |c Olga Marta Sánchez Oviedo | ||
| 300 | |a páginas 205-211 | ||
| 650 | 1 | 0 | |a PLANIFICACIÓN |9 3913 |
| 650 | 1 | 0 | |a SISTEMAS POLITICOS |9 67 |
| 650 | 1 | 0 | |a ASPECTOS SOCIALES |9 632 |
| 650 | 1 | 0 | |a DEMOCRACIA |9 83 |
| 773 | 0 | |0 18806 |9 2087 |a Universidad Nacional de Costa Rica |d Heredia: C.R.: EUNA |o 02253 |t ABRA |x 14093928 | |
| 942 | |2 ddc |c PP | ||
